| 000 | 00935nam a22002291 4500 | ||
|---|---|---|---|
| 001 | 105226 | ||
| 003 | ES-MaACL | ||
| 005 | 20250907063100.0 | ||
| 007 | t| | ||
| 008 | 060619s1912 sp ||||0| spa d | ||
| 016 | 7 | _zIND9200523863 | |
| 040 |
_aM-BN _bspa _cA2 |
||
| 100 | 0 |
_aLópez Muñoz, Antonio, _d1849-1929 _973812 |
|
| 245 | 1 | 3 |
_aLa politica y la moral _b: discurso leido en el acto de su recepcion / _cpor... D. Antonio López Muñoz y contestación del... Sr. D. Vicente Santamaría de Paredes... el dia 15 de Diciembre de 1912. |
| 260 |
_aMadrid : _b"Sucesores de Rivadeneyra", _c1912. |
||
| 300 |
_a82 p ; _c26 cm. |
||
| 500 | _aPrecede al Tít.: Real Academia de Ciencias Morales y Políticas. | ||
| 700 | 1 |
_aSantamaría de Paredes, Vicente, _d1853-1924 _9103306 |
|
| 710 | 2 |
_aReal Academia de Ciencias Morales y Políticas (España) _9222050 |
|
| 852 |
_aES-MaACL _jT-1323-F-1 |
||
| 999 |
_c105226 _d105226 |
||